00938nam a2200253 a 450000100100000000500170001000800410002704000250006808200180009310000300011124501060014126000400024730000280028750000330031550000260034865000310037465000280040565000300043365000490046370000240051204900090053695201220054599900170066700002455720250725120243.0110131s1983 mx a r 000 | spa d aDO-SdBNPbspacBNPHU a394.14bG245j1 aGarza, Fidel De la95034013aLa juventud y las drogas :bguía para jovenes, padres y maestros /cFidel De la Garza, Amando Vega. aMexico :bEditorial Trillas,c1983. a203 p. :bil. ;c23 cm. aIncluye índice analítico aSegunda reimpresión 0aAbuso de sustancias950341 4aDrogas y jovenes950342 4aAlcohol y juventud950343 4aBebidas alcoholicasxAspectos sociales931671 aVega, Amando950344 aBNGR 001054708MOaGRbGRcCTd2011-01-31iLF1l0o394.14 G245jp24557-10r2020-06-25w2020-06-25y4ZPréstamo en sala c24050d24050